Southville International School and Colleges
Your cart is empty.
  • Cart
  • Lists
    Public lists Eva Luna New books Lux_list list_1
    Your lists Log in to create your own lists
  • Log in to your account
  • Your cookies
  • Search history
Southville International School and Colleges
  • Advanced search
  • Recent comments
  • Most popular
  • Libraries

Log in to your account

Log in with GOOGLE


If you do not have an external account, but do have a local account, you can still log in:

  1. Home
  2. MARC view: The Bartender's best friends :
Normal view MARC view ISBD view

The Bartender's best friends : (Record no. 358057)

[ view plain ]
MARC details
000 -LEADER
fixed length control field 00649nam a2200229Ia 4500
008 - FIXED-LENGTH DATA ELEMENTS--GENERAL INFORMATION
fixed length control field 180620s9999 xx 000 0 und d
020 ## - INTERNATIONAL STANDARD BOOK NUMBER
International Standard Book Number 978-0-470-44718-5
050 ## - LIBRARY OF CONGRESS CALL NUMBER
Classification number REF TX 951
050 ## - LIBRARY OF CONGRESS CALL NUMBER
Item number .R44 2010
100 ## - MAIN ENTRY--PERSONAL NAME
Personal name Regan, Mardee Haidin.
245 #4 - TITLE STATEMENT
Title The Bartender's best friends :
245 #2 - TITLE STATEMENT
Remainder of title a complete guide to cocktails, martinis, and mixed drinks /
245 #0 - TITLE STATEMENT
Statement of responsibility, etc Mardee Haidin Regan.
260 ## - PUBLICATION, DISTRIBUTION, ETC. (IMPRINT)
Place of publication, distribution, etc New Jersey :
260 ## - PUBLICATION, DISTRIBUTION, ETC. (IMPRINT)
Name of publisher, distributor, etc John Wiley & Sons,
260 ## - PUBLICATION, DISTRIBUTION, ETC. (IMPRINT)
Date of publication, distribution, etc 2010
300 ## - PHYSICAL DESCRIPTION
Extent 392 pages :
300 ## - PHYSICAL DESCRIPTION
Dimensions 21 cm.
500 ## - GENERAL NOTE
General note Includes bibliographical references and index.
650 ## - SUBJECT ADDED ENTRY--TOPICAL TERM
Topical term or geographic name as entry element Cocktails.
650 ## - SUBJECT ADDED ENTRY--TOPICAL TERM
General subdivision Bartending.
Holdings
Withdrawn status Lost status Damaged status Home library Current library Shelving location Date acquired Cost, normal purchase price Total Checkouts Full call number Barcode Date last seen Price effective from Koha item type
      South Mansfield College South Mansfield College Reference Section 02/14/2011 1277.00   REF TX 951 .R44 2010 SMC05377 06/20/2018 06/20/2018  

The Bartender's best friends :

APA

Regan M. H., .The Bartender's best friends. New Jersey: .

Chicago

Regan Mardee Haidin, .The Bartender's best friends. New Jersey: .

Harvard

Regan M. H., .The Bartender's best friends. New Jersey: .

MLA

Regan Mardee Haidin, .New Jersey: . .

  • Place hold
  • Print
  • Cite
  • Add to your cart (remove)
  • Save record
    BIBTEX Dublin Core MARCXML MARC (non-Unicode/MARC-8) MARC (Unicode/UTF-8) MARC (Unicode/UTF-8, Standard) MODS (XML) RIS
  • More searches
    Search for this title in:
    Other Libraries (WorldCat) Other Databases (Google Scholar) Online Stores (Bookfinder.com) Open Library (openlibrary.org)

Exporting to Dublin Core...

SOUTHVILLE LIBRARY

Southville International School and Colleges Library

1281 Tropical Ave. Cor. Luxembourg St., BF Homes International, Las Pinas City

Tel. No. 8256374 / 252358 Loc. 117/146

Powered by Koha